[Event "Deizisau Autumn op 14th"]
[Site "Deizisau"]
[Date "2019.10.25"]
[Round "1"]
[White "Gheng, Christian"]
[Black "Gabriel, Josef"]
[Result "1-0"]
[WhiteElo "1868"]
[BlackElo "2089"]
[PlyCount "29"]
[EventDate "2019.10.25"]
[EventType "swiss"]
[EventRounds "7"]
[EventCountry "GER"]
[SourceTitle "CBM 192 Extra"]
[Source "Chessbase"]
[SourceDate "2019.11.06"]
[SourceVersion "1"]
[SourceVersionDate "2019.11.06"]
[SourceQuality "1"]

1. e4 g6 2. d4 Bg7 3. Bc4 c5 4. c3 Nc6 5. Nf3 cxd4 6. cxd4 Qb6 7. Nc3 Nxd4 8. Nd5 Qc5 9. Be3 Qa5+ 10. b4 Nxf3+ 11. Qxf3 Qa3 12. 0-0 Bxa1 13. Nc7+ Kd8 14. Nxa8 Be5 15. Bb6+ 1-0

[Event "Satu Mare Szabo Memorial"]
[Site "Satu Mare"]
[Date "2019.08.06"]
[Round "7"]
[White "Frink, Ferenc"]
[Black "Gheng, Christian"]
[Result "1-0"]
[WhiteElo "2085"]
[BlackElo "1844"]
[PlyCount "52"]
[EventDate "2019.08.02"]
[EventType "swiss"]
[EventRounds "9"]
[EventCountry "ROU"]
[SourceTitle "EXT 2021"]
[Source "ChessBase"]
[SourceDate "2020.10.23"]
[SourceVersion "1"]
[SourceVersionDate "2020.10.23"]
[SourceQuality "1"]

1. e4 c5 2. Nc3 Nc6 3. Bb5 d6 4. Nf3 Bd7 5. d3 g6 6. Bf4 Bg7 7. 0-0 Nf6 8. Be3 0-0 9. Ng5 a6 10. Bc4 b5 11. Bb3 h6 12. Nf3 Rb8 13. Rb1 a5 14. Re1 a4 15. Bd5 Na5 16. Bf4 Bg4 17. Be3 e6 18. Bc6 Nxc6 19. Nxb5 Rxb5 20. c4 Rb8 21. Ra1 Bxf3 22. gxf3 Nd7 23. Bd2 Rxb2 24. Bc1 Rb8 25. f4 Bxa1 26. Ba3 Bg7 1-0

[Event "Miercurea Ciuc Bancpost op 21th"]
[Site "Miercurea Ciuc"]
[Date "2018.08.18"]
[Round "2"]
[White "Gombocz, Zsofia"]
[Black "Gheng, Christian"]
[Result "1-0"]
[WhiteElo "1978"]
[BlackElo "1832"]
[PlyCount "60"]
[EventDate "2018.08.17"]
[EventType "swiss"]
[EventRounds "7"]
[EventCountry "ROU"]
[SourceTitle "CBM 189 Extra"]
[Source "ChessBase"]
[SourceDate "2019.06.03"]
[SourceVersion "1"]
[SourceVersionDate "2019.06.03"]
[SourceQuality "1"]

1. e4 c5 2. Nf3 d6 3. Bb5+ Bd7 4. Bxd7+ Nxd7 5. 0-0 Ngf6 6. Qe2 e6 7. c4 Be7 8. d4 cxd4 9. Nxd4 0-0 10. Nc3 Nb6 11. b3 d5 12. cxd5 exd5 13. e5 Bc5 14. Nf5 Qc8 15. Qf3 Ne8 16. Nxd5 Nxd5 17. Qxd5 Qxf5 18. Qxc5 Nf6 19. Bb2 Rfc8 20. Qb4 Ng4 21. Qxb7 Nxe5 22. Qd5 Re8 23. Rae1 Rad8 24. Rxe5 Qc8 25. Rxe8+ Rxe8 26. Qg5 f6 27. Bxf6 Qd7 28. h3 Rf8 29. Bc3 Rf5 30. Qg4 Qf7 1-0

[Event "Stuttgart-chB int"]
[Site "Ditzingen"]
[Date "2016.05.06"]
[Round "3"]
[White "Kozina, Vinko"]
[Black "Gheng, Christian"]
[Result "1-0"]
[WhiteElo "1855"]
[BlackElo "1740"]
[PlyCount "45"]
[EventDate "2016.05.05"]
[EventType "swiss"]
[EventRounds "7"]
[EventCountry "GER"]
[SourceTitle "EXT 2018"]
[Source "ChessBase"]
[SourceDate "2017.10.13"]
[SourceVersion "1"]
[SourceVersionDate "2017.10.13"]
[SourceQuality "1"]

1. Nf3 c5 2. b3 Nf6 3. Bb2 e6 4. e3 d5 5. Be2 Bd6 6. 0-0 0-0 7. d4 b6 8. Ne5 Bb7 9. Nd2 Nc6 10. f4 Nd7 11. Rf3 f6 12. Nxc6 Bxc6 13. Rh3 e5 14. c4 exd4 15. cxd5 Bxd5 16. Bc4 Bxc4 17. Nxc4 Bc7 18. Qh5 h6 19. Qd5+ Kh8 20. Rd1 Nb8 21. Qxa8 b5 22. Na3 a6 23. Qf3 1-0

[Event "Stuttgart-chB int"]
[Site "Ditzingen"]
[Date "2016.05.05"]
[Round "2"]
[White "Gheng, Christian"]
[Black "Sinner, Victor"]
[Result "1-0"]
[WhiteElo "1740"]
[BlackElo "1533"]
[PlyCount "55"]
[EventDate "2016.05.05"]
[EventType "swiss"]
[EventRounds "7"]
[EventCountry "GER"]
[SourceTitle "EXT 2018"]
[Source "ChessBase"]
[SourceDate "2017.10.13"]
[SourceVersion "1"]
[SourceVersionDate "2017.10.13"]
[SourceQuality "1"]

1. e4 c6 2. d4 d5 3. exd5 cxd5 4. c4 Nc6 5. Nc3 dxc4 6. d5 Ne5 7. Bf4 Ng6 8. Bg3 e5 9. Bxc4 a6 10. Nf3 Bd6 11. Qe2 Qe7 12. 0-0 Nh6 13. Ne4 f6 14. Nxd6+ Qxd6 15. Rac1 b5 16. Bb3 Bb7 17. Nh4 Ne7 18. a4 b4 19. Rfd1 0-0 20. Rc6 Qd7 21. d6+ Rf7 22. Rc7 Qd8 23. Rxe7 Bc8 24. Bxf7+ Nxf7 25. Qc4 Qf8 26. d7 Bb7 27. d8Q g6 28. Qxf7+ 1-0

[Event "Forchheim op-B 13th"]
[Site "Forchheim"]
[Date "2014.10.03"]
[Round "2"]
[White "Gheng, Christian"]
[Black "Krasotin, Valentin"]
[Result "0-1"]
[WhiteElo "1639"]
[BlackElo "1656"]
[PlyCount "37"]
[EventDate "2014.10.03"]
[EventType "swiss"]
[EventRounds "5"]
[EventCountry "GER"]
[SourceTitle "EXT 2019"]
[Source "ChessBase"]
[SourceDate "2018.10.10"]
[SourceVersion "1"]
[SourceVersionDate "2018.10.10"]
[SourceQuality "1"]

1. e4 e5 2. Nf3 Nc6 3. Bb5 a6 4. Ba4 Nf6 5. 0-0 b5 6. Bb3 Be7 7. Re1 0-0 8. c3 d5 9. exd5 Nxd5 10. Nxe5 Nxe5 11. Rxe5 Nf6 12. h3 Bd6 13. Re1 Ng4 14. Qf3 Qh4 15. Re4 h5 16. Re8 Bb7 17. Qxf7+ Kh8 18. Rxa8 Bxa8 19. g3 0-1

[Event "Stuttgart-chB int"]
[Site "Ditzingen"]
[Date "2014.05.29"]
[Round "2"]
[White "Behm, Wilfried"]
[Black "Gheng, Christian"]
[Result "0-1"]
[WhiteElo "1844"]
[BlackElo "1686"]
[PlyCount "56"]
[EventDate "2014.05.29"]
[EventType "swiss"]
[EventRounds "7"]
[EventCountry "GER"]
[SourceTitle "EXT 2015"]
[Source "ChessBase"]
[SourceDate "2014.11.20"]
[SourceVersion "1"]
[SourceVersionDate "2014.11.20"]
[SourceQuality "1"]

1. d4 Nf6 2. c4 e6 3. Nc3 Bb4 4. Bd2 0-0 5. Nf3 c5 6. e3 Nc6 7. a3 Bxc3 8. Bxc3 Ne4 9. Rc1 Nxc3 10. Rxc3 b6 11. Bd3 Bb7 12. 0-0 Qf6 13. d5 exd5 14. cxd5 Ne5 15. Nxe5 Qxe5 16. e4 f5 17. Qh5 Rf6 18. f4 Qd4+ 19. Kh1 fxe4 20. Bc4 Raf8 21. Rd1 Qf2 22. Rg3 Rxf4 23. Rg1 d6 24. Rh3 h6 25. Qg6 R8f6 26. Qe8+ Kh7 27. Rg3 Bxd5 28. Qd7 Rf7 0-1

[Event "Stuttgart-chB int"]
[Site "Ditzingen"]
[Date "2014.05.29"]
[Round "3"]
[White "Gheng, Christian"]
[Black "Mayer, Dietmar"]
[Result "1/2-1/2"]
[WhiteElo "1686"]
[BlackElo "1758"]
[PlyCount "37"]
[EventDate "2014.05.29"]
[EventType "swiss"]
[EventRounds "7"]
[EventCountry "GER"]
[SourceTitle "EXT 2015"]
[Source "ChessBase"]
[SourceDate "2014.11.20"]
[SourceVersion "1"]
[SourceVersionDate "2014.11.20"]
[SourceQuality "1"]

1. e4 c6 2. d4 d5 3. exd5 cxd5 4. c4 Nf6 5. Nc3 Nc6 6. a3 dxc4 7. d5 Na5 8. Bxc4 Nxc4 9. Qa4+ Qd7 10. Qxc4 e6 11. dxe6 Qxe6+ 12. Qe2 a6 13. Be3 Be7 14. Nf3 Ng4 15. Nd4 Qg6 16. Bf4 Qf6 17. Bc7 0-0 18. 0-0-0 Nxf2 19. Rhf1 1/2-1/2

[Event "GER-ch U25 op-B"]
[Site "Oberhof"]
[Date "2013.05.22"]
[Round "6"]
[White "Thumm, Niklas"]
[Black "Gheng, Christian"]
[Result "0-1"]
[WhiteElo "1330"]
[BlackElo "1696"]
[PlyCount "103"]
[EventDate "2013.05.19"]
[EventType "swiss"]
[EventRounds "9"]
[EventCountry "GER"]
[SourceTitle "CBM 154 Extra"]
[Source "ChessBase"]
[SourceDate "2013.06.25"]
[SourceVersion "2"]
[SourceVersionDate "2013.06.25"]
[SourceQuality "1"]

1. e4 c5 2. f4 d6 3. Nf3 g6 4. Nc3 Bg7 5. Bc4 e6 6. f5 exf5 7. 0-0 Ne7 8. d3 Be6 9. Bxe6 fxe6 10. Bg5 h6 11. Bxe7 Qxe7 12. exf5 gxf5 13. Re1 Nc6 14. Nd5 Qf7 15. Rxe6+ Kd7 16. Qe2 Qxe6 17. Qxe6+ Kxe6 18. Nc7+ Kd7 19. Nxa8 Rxa8 20. c3 Re8 21. Nh4 Ne7 22. Rf1 Rf8 23. g3 b5 24. Rb1 Bf6 25. Ng2 Ng6 26. Rf1 b4 27. Rxf5 Bd4+ 28. cxd4 Rxf5 29. dxc5 Rxc5 30. Ne3 Ne5 31. d4 Nf3+ 32. Kf2 Nxd4 33. h4 Nf5 34. Nd1 Rd5 35. Ke1 Nxg3 36. Ne3 Re5 37. Kf2 Rxe3 38. Kxe3 Nf5+ 39. Kf4 Nxh4 40. Kg4 Ng2 41. Kf3 Ne1+ 42. Ke2 Nc2 43. Kd3 h5 44. Ke4 h4 45. Kf3 d5 46. Kg4 d4 47. Kxh4 d3 48. a3 d2 49. axb4 d1Q 50. b5 Qg1 51. b6 Ne3 52. bxa7 0-1

[Event "GER-ch U25 op-B"]
[Site "Oberhof"]
[Date "2013.05.21"]
[Round "5"]
[White "Gheng, Christian"]
[Black "Dathe, Frederick"]
[Result "1-0"]
[WhiteElo "1696"]
[BlackElo "1233"]
[PlyCount "86"]
[EventDate "2013.05.19"]
[EventType "swiss"]
[EventRounds "9"]
[EventCountry "GER"]
[SourceTitle "CBM 154 Extra"]
[Source "ChessBase"]
[SourceDate "2013.06.25"]
[SourceVersion "2"]
[SourceVersionDate "2013.06.25"]
[SourceQuality "1"]

1. e4 c5 2. Nf3 d6 3. d4 cxd4 4. Nxd4 Nf6 5. Nc3 g6 6. f4 Nc6 7. Nxc6 bxc6 8. e5 dxe5 9. Qxd8+ Kxd8 10. fxe5 Nd7 11. Bf4 Bg7 12. 0-0-0 e6 13. Ne4 Ke7 14. Bg5+ Kf8 15. Nf6 Nxe5 16. Nxh7+ Kg8 17. Nf6+ Bxf6 18. Bxf6 Nd7 19. Bxh8 Kxh8 20. h4 Ne5 21. Rd8+ Kg7 22. h5 Bb7 23. Rxa8 Bxa8 24. hxg6 Nxg6 25. Be2 f5 26. Bf3 e5 27. Rd1 e4 28. Rd7+ Kf6 29. Rxa7 exf3 30. gxf3 Kg5 31. Rxa8 Kf4 32. Ra3 Ne5 33. Rc3 Nxf3 34. a4 Nd4 35. a5 Ne2+ 36. Kd2 Nxc3 37. bxc3 Kg3 38. a6 f4 39. a7 f3 40. a8Q f2 41. Qg8+ Kf3 42. Qf8+ Kg2 43. Ke2 Kh1 1-0

[Event "GER-ch U25 op-B"]
[Site "Oberhof"]
[Date "2013.05.19"]
[Round "1"]
[White "Gheng, Christian"]
[Black "Zeuner, Ole"]
[Result "1-0"]
[WhiteElo "1696"]
[BlackElo "1135"]
[PlyCount "55"]
[EventDate "2013.05.19"]
[EventType "swiss"]
[EventRounds "9"]
[EventCountry "GER"]
[SourceTitle "CBM 154 Extra"]
[Source "ChessBase"]
[SourceDate "2013.06.25"]
[SourceVersion "2"]
[SourceVersionDate "2013.06.25"]
[SourceQuality "1"]

1. e4 e5 2. Nf3 Nc6 3. Bb5 Nf6 4. 0-0 d5 5. d4 exd4 6. Nxd4 Bd7 7. Nc3 Be7 8. Kh1 0-0 9. Be3 a6 10. Ba4 b5 11. Bb3 Nxd4 12. Bxd4 c5 13. Bxf6 Bxf6 14. Bxd5 Rb8 15. Rb1 b4 16. Ne2 Re8 17. Nf4 Bg5 18. Qh5 g6 19. Nxg6 hxg6 20. Qxg6+ Kh8 21. Qh5+ Kg7 22. Qxf7+ Kh6 23. f4 Be7 24. f5 Rg8 25. f6 Bf8 26. Qxg8 Bb5 27. Bf7 Bg7 28. Qxg7# 1-0

[Event "Stuttgart-chB int"]
[Site "Ditzingen"]
[Date "2013.05.09"]
[Round "2"]
[White "Dallinger, Moritz"]
[Black "Gheng, Christian"]
[Result "1-0"]
[WhiteElo "1528"]
[BlackElo "1696"]
[PlyCount "57"]
[EventDate "2013.05.09"]
[EventType "swiss"]
[EventRounds "7"]
[EventCountry "GER"]
[SourceTitle "EXT 2014"]
[Source "ChessBase"]
[SourceDate "2013.11.20"]
[SourceVersion "1"]
[SourceVersionDate "2013.11.20"]
[SourceQuality "1"]

1. e4 c5 2. Nf3 d6 3. d4 cxd4 4. Qxd4 Nc6 5. Bb5 Bd7 6. Bxc6 Bxc6 7. Nc3 Nf6 8. Bg5 Qd7 9. h3 h6 10. Bxf6 gxf6 11. Nh4 Rg8 12. g3 Rg5 13. Rh2 b6 14. 0-0-0 0-0-0 15. Qc4 Kb7 16. Qxf7 Qc7 17. Nf5 Bxe4 18. Nxd6+ Rxd6 19. Rxd6 Qxd6 20. Nxe4 Qe5 21. Qc4 Qa5 22. b4 Qa3+ 23. Kb1 b5 24. Qd4 Rh5 25. g4 Rxh3 26. Nc5+ Kb6 27. Qd8+ Kc6 28. Qd7+ Kb6 29. Qb7# 1-0

[Event "Korbach Goldflair op 1st"]
[Site "Korbach"]
[Date "2013.05.03"]
[Round "1"]
[White "Moes, Waldemar"]
[Black "Gheng, Christian"]
[Result "1-0"]
[WhiteElo "2071"]
[BlackElo "1700"]
[PlyCount "97"]
[EventDate "2013.05.03"]
[EventType "swiss"]
[EventRounds "5"]
[EventCountry "GER"]
[SourceTitle "CBM 154 Extra"]
[Source "ChessBase"]
[SourceDate "2013.06.25"]
[SourceVersion "2"]
[SourceVersionDate "2013.06.25"]
[SourceQuality "1"]

1. e4 c5 2. Nf3 d6 3. Nc3 Nf6 4. d4 cxd4 5. Nxd4 g6 6. Be3 Bg7 7. f3 0-0 8. Qd2 Nc6 9. 0-0-0 d5 10. exd5 Nxd5 11. Nxc6 bxc6 12. Bd4 Nxc3 13. Qxc3 Bh6+ 14. Be3 Bxe3+ 15. Qxe3 Qb6 16. Qxb6 axb6 17. Bc4 Ba6 18. Bxa6 Rxa6 19. a3 Ra7 20. Rd4 Ra5 21. Rd7 Re8 22. Rb7 Rb5 23. Rd1 Kf8 24. Rd2 h5 25. c3 g5 26. a4 Ra5 27. Rxb6 Rxa4 28. Rxc6 Rb8 29. Rh6 Kg7 30. Rxh5 Kg6 31. g4 f5 32. h4 gxh4 33. Rxh4 fxg4 34. Rxg4+ Rxg4 35. fxg4 Kg5 36. Re2 Rb7 37. Re4 Kf6 38. Kc2 e5 39. c4 Rh7 40. Kc3 Rh3+ 41. Kb4 Rf3 42. Kc5 Rb3 43. Re2 Rg3 44. b4 Rxg4 45. b5 Rg8 46. b6 Rc8+ 47. Kb5 Ke6 48. b7 Rb8 49. Kc6 1-0

[Event "Stuttgart-chB int"]
[Site "Ditzingen"]
[Date "2012.05.19"]
[Round "6"]
[White "Baelz, Juergen"]
[Black "Gheng, Christian"]
[Result "1-0"]
[WhiteElo "1795"]
[BlackElo "1686"]
[PlyCount "85"]
[EventDate "2012.05.17"]
[EventType "swiss"]
[EventRounds "7"]
[EventCountry "GER"]
[SourceTitle "EXT 2018"]
[Source "ChessBase"]
[SourceDate "2017.10.13"]
[SourceVersion "1"]
[SourceVersionDate "2017.10.13"]
[SourceQuality "1"]

1. d4 Nf6 2. c4 e6 3. g3 Bb4+ 4. Bd2 Qe7 5. Bg2 Nc6 6. Nf3 d5 7. 0-0 Ne4 8. a3 Bxd2 9. Nbxd2 b6 10. Rc1 Bb7 11. e3 h5 12. cxd5 exd5 13. Qa4 Qd7 14. Nxe4 dxe4 15. Nd2 f5 16. f3 exf3 17. Bxf3 Na5 18. Qc2 Qe6 19. Bxb7 Nxb7 20. Nf3 Qxe3+ 21. Kg2 0-0 22. Rce1 Qh6 23. Qxc7 Nd6 24. Qc6 Rac8 25. Qd5+ Kh8 26. Re6 Rf6 27. Rxf6 Qxf6 28. Re1 Rc2+ 29. Kg1 Ne4 30. Qb3 Qc6 31. Ne5 Qc7 32. Qe6 Ng5 33. Qe8+ Kh7 34. Qxh5+ Kg8 35. Qe8+ Kh7 36. Qh5+ Kg8 37. Qxg5 Qb7 38. Qd8+ Kh7 39. Qh4+ Kg8 40. Qd8+ Kh7 41. d5 Rd2 42. Qh4+ Kg8 43. Ng6 1-0

[Event "GER-ch U12"]
[Site "Oberhof"]
[Date "2011.06.17"]
[Round "9"]
[White "Bloesch, Christoph"]
[Black "Gheng, Christian"]
[Result "1/2-1/2"]
[WhiteElo "1504"]
[BlackElo "1679"]
[PlyCount "73"]
[EventDate "2011.06.11"]
[EventType "swiss"]
[EventRounds "11"]
[EventCountry "GER"]
[SourceTitle "CBM 142 Extra"]
[Source "ChessBase"]
[SourceDate "2011.06.27"]
[SourceVersion "1"]
[SourceVersionDate "2011.06.27"]
[SourceQuality "1"]

1. e4 d6 2. Nc3 g6 3. d3 Bg7 4. f4 e6 5. Nf3 Ne7 6. g3 b6 7. Bg2 Bb7 8. 0-0 0-0 9. Ne2 c5 10. h3 Nbc6 11. c3 f5 12. Ng5 Qd7 13. Be3 h6 14. Nf3 e5 15. Qd2 Kh7 16. Nh2 d5 17. exd5 Nxd5 18. Nf3 Rae8 19. fxe5 Nxe3 20. Qxe3 Nxe5 21. Nxe5 Rxe5 22. Qd2 Bxg2 23. Kxg2 Rfe8 24. Rfe1 Qc6+ 25. Kf2 g5 26. Ng1 Rxe1 27. Rxe1 Rxe1 28. Kxe1 Qe6+ 29. Kd1 Qxa2 30. Kc2 Qa4+ 31. Kb1 Qc6 32. Qf2 Qd5 33. Kc2 a5 34. Ne2 a4 35. d4 a3 36. bxa3 cxd4 37. cxd4 1/2-1/2

[Event "GER-ch U12"]
[Site "Oberhof"]
[Date "2011.06.15"]
[Round "7"]
[White "Bergauz, Noam"]
[Black "Gheng, Christian"]
[Result "1-0"]
[WhiteElo "1591"]
[BlackElo "1679"]
[PlyCount "53"]
[EventDate "2011.06.11"]
[EventType "swiss"]
[EventRounds "11"]
[EventCountry "GER"]
[SourceTitle "CBM 142 Extra"]
[Source "ChessBase"]
[SourceDate "2011.06.27"]
[SourceVersion "1"]
[SourceVersionDate "2011.06.27"]
[SourceQuality "1"]

1. e4 e6 2. d4 d5 3. Nd2 Nf6 4. e5 Nfd7 5. Bd3 c5 6. c3 Nc6 7. Ne2 cxd4 8. cxd4 f6 9. exf6 Qxf6 10. Nf3 Bd6 11. Bg5 Qf7 12. 0-0 0-0 13. Qc2 Qh5 14. Ng3 Bxg3 15. hxg3 Rxf3 16. gxf3 Nxd4 17. Qd1 Qxg5 18. Bxh7+ Kxh7 19. Qxd4 Ne5 20. Kg2 Qf6 21. Rh1+ Kg8 22. f4 Ng4 23. Qa4 Qe7 24. Rac1 Qd6 25. Qe8+ Qf8 26. Rh8+ Kxh8 27. Qxf8+ 1-0

[Event "GER-ch U12"]
[Site "Oberhof"]
[Date "2011.06.13"]
[Round "4"]
[White "Gheng, Christian"]
[Black "Kast, Larissa"]
[Result "1-0"]
[WhiteElo "1679"]
[BlackElo "1158"]
[PlyCount "99"]
[EventDate "2011.06.11"]
[EventType "swiss"]
[EventRounds "11"]
[EventCountry "GER"]
[SourceTitle "CBM 142 Extra"]
[Source "ChessBase"]
[SourceDate "2011.06.27"]
[SourceVersion "1"]
[SourceVersionDate "2011.06.27"]
[SourceQuality "1"]

1. e4 e5 2. Nf3 Nc6 3. Bb5 a6 4. Ba4 Nf6 5. 0-0 Be7 6. Re1 b5 7. Bb3 0-0 8. c3 d5 9. d3 dxe4 10. dxe4 Qxd1 11. Bxd1 Rd8 12. Bb3 Bc5 13. Bg5 Rd6 14. Nbd2 Ng4 15. Bh4 h6 16. a4 Bb7 17. h3 g5 18. Bg3 Nf6 19. Nxe5 Rf8 20. Ndf3 Nxe5 21. Bxe5 Rb6 22. Bxf6 Rxf6 23. e5 Rf4 24. e6 Bxf3 25. exf7+ Kg7 26. gxf3 Rxf3 27. Re2 Rxh3 28. axb5 axb5 29. Re5 Rh4 30. Rxc5 Rg4+ 31. Kh2 Rh4+ 32. Kg3 Rf4 33. Re1 c6 34. Ree5 Kg6 35. Rxc6+ Kg7 36. Re8 h5 37. Rxf8 Kxf8 38. Rc8+ Kg7 39. Rg8+ Kh6 40. f8Q+ Rxf8 41. Rxf8 Kg7 42. Rg8+ Kf6 43. Bd5 Kf5 44. Rb8 h4+ 45. Kg2 g4 46. Rxb5 Kf4 47. Rb4+ Kf5 48. Be6+ Kxe6 49. Rxg4 h3+ 50. Kxh3 1-0

[Event "Stuttgart-chB int"]
[Site "Gerlingen"]
[Date "2011.06.02"]
[Round "1"]
[White "Gheng, Christian"]
[Black "Pelezki, Sergej"]
[Result "0-1"]
[WhiteElo "1679"]
[BlackElo "1897"]
[PlyCount "42"]
[EventDate "2011.06.02"]
[EventType "swiss"]
[EventRounds "7"]
[EventCountry "GER"]
[SourceTitle "EXT 2018"]
[Source "ChessBase"]
[SourceDate "2017.10.13"]
[SourceVersion "1"]
[SourceVersionDate "2017.10.13"]
[SourceQuality "1"]

1. e4 e5 2. Nf3 Nc6 3. Bb5 a6 4. Ba4 Nf6 5. 0-0 Be7 6. Re1 b5 7. Bb3 0-0 8. c3 d5 9. exd5 Nxd5 10. h3 e4 11. Rxe4 Bf5 12. Ne5 Bxe4 13. Nxc6 Qd6 14. Qe2 Rae8 15. d3 Qxc6 16. dxe4 Bd6 17. c4 Nf6 18. Nc3 Nxe4 19. cxb5 Nxc3 20. bxc6 Rxe2 21. bxc3 Re1# 0-1

[Event "GER-ch U12"]
[Site "Oberhof"]
[Date "2010.05.29"]
[Round "11"]
[White "Borukhson, David"]
[Black "Gheng, Christian"]
[Result "1/2-1/2"]
[WhiteElo "1414"]
[BlackElo "1574"]
[PlyCount "98"]
[EventDate "2010.05.22"]
[EventType "swiss"]
[EventRounds "11"]
[EventCountry "GER"]
[SourceTitle "CBM 136 Extra"]
[Source "ChessBase"]
[SourceDate "2010.07.02"]
[SourceVersion "2"]
[SourceVersionDate "2010.07.15"]
[SourceQuality "1"]

1. e4 c5 2. Nf3 d6 3. d4 cxd4 4. Qxd4 Nc6 5. Bb5 Bd7 6. Bxc6 bxc6 7. Nc3 e5 8. Qd3 Nf6 9. 0-0 Be7 10. Nd2 Be6 11. Nc4 Qc7 12. Ne3 Rd8 13. f4 d5 14. exd5 Nxd5 15. f5 Nf4 16. Qe4 Rd4 17. Qf3 Bd5 18. Nexd5 Nxd5 19. Nxd5 cxd5 20. c3 Re4 21. Rd1 Qb6+ 22. Kh1 0-0 23. b3 Rd8 24. c4 Rd4 25. cxd5 e4 26. Qe2 Qb5 27. Qe1 Qxd5 28. Rxd4 Qxd4 29. Be3 Qd7 30. Qg1 Qxf5 31. Bxa7 Bf6 32. Rf1 Qa5 33. Bb6 Qxa2 34. Bxd8 Bxd8 35. Rd1 Bf6 36. Qb6 h6 37. b4 Qe2 38. Qd6 Bc3 39. Rb1 Qc2 40. Qd1 Qxd1+ 41. Rxd1 Bxb4 42. Rd4 Be7 43. Rxe4 Bf6 44. g3 Kh7 45. Kg2 g5 46. Kf3 Kg6 47. h3 Bg7 48. g4 h5 49. Ra4 Be5 1/2-1/2

[Event "GER-ch U12"]
[Site "Oberhof"]
[Date "2010.05.27"]
[Round "8"]
[White "Sherif, Amina"]
[Black "Gheng, Christian"]
[Result "0-1"]
[WhiteElo "1081"]
[BlackElo "1574"]
[PlyCount "100"]
[EventDate "2010.05.22"]
[EventType "swiss"]
[EventRounds "11"]
[EventCountry "GER"]
[SourceTitle "CBM 136 Extra"]
[Source "ChessBase"]
[SourceDate "2010.07.02"]
[SourceVersion "2"]
[SourceVersionDate "2010.07.15"]
[SourceQuality "1"]

1. e4 c5 2. Nc3 Nc6 3. f4 g6 4. Nf3 Bg7 5. Bc4 e6 6. d3 Nge7 7. 0-0 d5 8. exd5 exd5 9. Bb5 0-0 10. Qe1 a6 11. Bxc6 Nxc6 12. Qh4 Qxh4 13. Nxh4 Rd8 14. Re1 Nd4 15. Rb1 Nxc2 16. Rf1 Nb4 17. Rd1 Bf6 18. Nf3 Bf5 19. a3 Nxd3 20. Ra1 d4 21. Ne2 Nxc1 22. Raxc1 Rac8 23. b4 d3 24. Ng3 c4 25. Nxf5 gxf5 26. Kf2 Bb2 27. Rb1 c3 28. Rf1 c2 29. Rxb2 d2 30. Nxd2 Rxd2+ 31. Ke3 Rxg2 32. Rc1 Rxh2 33. Kd3 h5 34. Rcxc2 Rcxc2 35. Rxc2 Rxc2 36. Kxc2 h4 37. Kc3 h3 38. Kc4 h2 39. b5 h1Q 40. bxa6 Qc6+ 41. Kd4 Qxa6 42. Ke5 Qxa3 43. Kxf5 Qc5+ 44. Kf6 b5 45. f5 b4 46. Kg5 b3 47. Kh6 b2 48. f6 Qd6 49. Kg5 b1Q 50. Kh6 Qg6# 0-1

[Event "GER-ch U12"]
[Site "Oberhof"]
[Date "2010.05.24"]
[Round "4"]
[White "Gheng, Christian"]
[Black "Gassmann, Linda"]
[Result "1/2-1/2"]
[WhiteElo "1574"]
[BlackElo "1862"]
[PlyCount "81"]
[EventDate "2010.05.22"]
[EventType "swiss"]
[EventRounds "11"]
[EventCountry "GER"]
[SourceTitle "CBM 136 Extra"]
[Source "ChessBase"]
[SourceDate "2010.07.02"]
[SourceVersion "2"]
[SourceVersionDate "2010.07.15"]
[SourceQuality "1"]

1. e4 e5 2. Nf3 Nf6 3. Nxe5 d6 4. Nf3 Nxe4 5. Nc3 Nxc3 6. dxc3 Bf5 7. Bd3 Bxd3 8. Qxd3 Be7 9. Be3 Nc6 10. 0-0-0 Qd7 11. Rhe1 0-0-0 12. Nd4 Ne5 13. Qb5 Qxb5 14. Nxb5 a6 15. Nd4 Bf6 16. Nb3 Nc6 17. Rd2 Rhe8 18. Rde2 Kd7 19. Nd4 Nxd4 20. Bxd4 Bxd4 21. cxd4 Rxe2 22. Rxe2 Re8 23. Rxe8 Kxe8 24. Kd2 Ke7 25. Ke3 Ke6 26. Ke4 d5+ 27. Kf4 Kf6 28. h4 h6 29. g4 g5+ 30. hxg5+ hxg5+ 31. Ke3 Ke6 32. b3 b6 33. f4 f6 34. f5+ Kd7 35. c4 c6 36. Kd3 Kc7 37. Kc3 b5 38. Kb4 Kb6 39. c5+ Kb7 40. Kc3 a5 41. b4 1/2-1/2